Tom Jones (Record no. 172265)

MARC details
000 -LEADER
campo de control de longitud fija 00839nam a22002055i 4500
001 - NÚMERO DE CONTROL
campo de control 172265
003 - IDENTIFICADOR DE NÚMERO DE CONTROL
campo de control ES-MaACL
005 - FECHA Y HORA DE LA ÚLTIMA TRANSACCIÓN
campo de control 20230906214844.0
008 - DATOS DE LONGITUD FIJA--INFORMACIÓN GENERAL
campo de control de longitud fija 090623s1979 fr |||| | fre d
100 1# - ENTRADA PRINCIPAL--NOMBRE DE PERSONA
Nombre de persona Philidor, François-André Danican.
9 (RLIN) 91657
245 10 - MENCIÓN DEL TÍTULO
Título Tom Jones
Resto del título : comédie lyrique en 3 actes /
Mención de responsabilidad, etc. musique de F.-A. Danican Philidor ; livret de M. Poinsinet d'après le roman populaire de H. Fielding ; adaptation de C. Charras et A. Gille.
260 ## - PUBLICACIÓN, DISTRIBUCIÓN, ETC.
Lugar de publicación, distribución, etc. Paris :
Nombre del editor, distribuidor, etc. Théatre National de l'Opéra de Paris,
Fecha de publicación, distribución, etc. [1979]
300 ## - DESCRIPCIÓN FÍSICA
Extensión 75 p. ;
Dimensiones 21 cm.
500 ## - NOTA GENERAL
Nota general Solo la letra.
700 1# - ENTRADA AGREGADA--NOMBRE PERSONAL
Nombre de persona Poinsinet, Antoine-Alexandre-Henri.
9 (RLIN) 140809
700 0# - ENTRADA AGREGADA--NOMBRE PERSONAL
Nombre de persona Fielding, Henry.
9 (RLIN) 50700
700 1# - ENTRADA AGREGADA--NOMBRE PERSONAL
Nombre de persona Gille, A.
9 (RLIN) 140811
700 1# - ENTRADA AGREGADA--NOMBRE PERSONAL
Nombre de persona Charras, C.
9 (RLIN) 140810
852 ## - LOCALIZACIÓN
Ubicación ES-MaACL
Número de control de estantería 2251-F-5
itemnumber R.140112
Nota libre .- Biblioteca Jacinto Martínez Lacalle
Holdings
Estatus retirado Estado de pérdida Estado de daño No para préstamo Colección Biblioteca de origen Biblioteca actual Ubicación en estantería Fecha de adquisición Fuente de adquisición Total de préstamos Signatura topográfica completa Código de barras Visto por última vez Precio de reemplazo Tipo de ítem Koha
        Colección de folletos Biblioteca del Ateneo de Madrid Biblioteca del Ateneo de Madrid Depósito folletos 23/06/2009     2251-F-5 1180781 23/02/2023 23/02/2023 Folleto